| 000 | 00809nam a2200157 i 4500 | ||
|---|---|---|---|
| 001 | 182981 | ||
| 003 | ES-MaACL | ||
| 005 | 20230906221746.0 | ||
| 008 | 140109s1893 sp |||| | spa d | ||
| 245 | 0 | 0 |
_aExposición que la junta de gobierno dirige al Excmo. Sr. Ministro de Hacienda contra el nuevo reglamento y tarifas para la imposición, administración y cobranza de la contribución industrial y de comercio aprobado con carácter provisional por real decreto de 11 de abril de 1893 / _cCírculo de la Unión Mercantil é Industrial. |
| 260 |
_aMadrid : _b[s.n.], _c1893 ( _fImp. de T. Minuesa de los Ríos) |
||
| 300 |
_a22 p. ; _c23 cm. |
||
| 650 | 4 |
_aImpuesto industrial- _zEspaña. _9153889 |
|
| 710 | 2 |
_aCírculo de la Unión Mercantil e Industrial (Madrid) _92827 |
|
| 852 |
_aES-MaACL _jT-692-F-12 |
||
| 999 |
_c182981 _d182981 |
||